000 01151nam a2200277 a 4500
001 BRCA_1470
005 20190320203436.0
008 171105s1996----mx-a######---#000-0#spa-d
020 _a9686191518
041 _aspa
044 _amx
050 4 _aN7914
_b.D66 1996
245 1 0 _aDones y promesas
_b500 años de arte ofrenda (exvotos mexicanos)
_ctraducción del francés al español Leticia Leduc ; revisión de textos Lucía García-Noriega y Nieto ... [et al.].
260 _aMéxico
_bCentro Cultural/Arte Contemporáneo : Fundación Cultural Televisa
_c1996
300 _a279 p.
_bil. a color
_c29 cm.
500 _aCatálogo de la exposición realizada en el Centro Cultural/Arte Contemporáneo, marzo - septiembre, 1996
500 _aIncluye catálogo de obra
504 _aBibliografía: p. 263-265
650 1 4 _aExvotos en el arte
_vExposiciones
_94807
650 1 4 _aArte
_vExposiciones
_zMéxico
_93600
700 1 _aLeduc, Leticia
_91968
700 1 _aGarcía-Noriega y Nieto, Lucía
_93988
710 2 _aCentro Cultural/Arte Contempóraneo (México)
_93725
710 2 _aFundación Cultural Televisa (México)
_94808
942 _2lcc
_cB
999 _c1332
_d1332